Historia humana y comparada del clima

Historia humana y comparada del clima desarrolla la historia del clima a partir de la Pequeña Edad de Hielo (PEH), iniciada desde principios del siglo XIV, hasta la época en la que vivimos. Las fluctuaciones meteorológicas cobran una gran relevancia para la historia cuando se muestra la manera en qu...

Descripción completa

Detalles Bibliográficos
Autor principal: Le Roy Ladurie, Emmanuel 1929-
Formato: Libro
Lenguaje:español
Publicado: México: CONACYT, Fondo de Cultura Económica, 2017.
Edición:9a. ed.
Colección:Historia
Materias:
Acceso en línea:

MARC

LEADER 00000cam a2200000 a 4500
001 004421
003 UAHC_CL
005 20190311162325.0
008 070907s2017 cl 000 spa
952 |0 0  |1 0  |2 ddc  |4 0  |6 505_609000000000000_LER  |7 0  |8 COMP  |9 91566  |a BR  |b BR  |c General  |d 2019-03-04  |e Donación: NTI en ambiente y sociedades Nidas  |g 24900.00  |l 4  |m 7  |o 505.609 LER  |p 1443304  |r 2026-03-12 15:02:52  |s 2025-11-14  |t c.1  |v 24900.00  |w 2019-03-04  |y BK  |B GEO 
999 |c 51804  |d 51804 
020 |a 9786071653130 
035 |a CENTRAL 
040 |a UAHC_CL  |c UAHC_CL  |d UAHC_CL 
082 |2 21  |a 505.609  |b L619 
100 |a Le Roy Ladurie, Emmanuel  |9 7053  |d 1929- 
245 |a Historia humana y comparada del clima  |c Emmanuel Le Roy Ladurie. 
250 |a 9a. ed. 
260 |a México:  |b CONACYT,  |b Fondo de Cultura Económica,  |c 2017. 
300 |a 1087 p. 
440 |9 1724  |a Historia 
520 |a Historia humana y comparada del clima desarrolla la historia del clima a partir de la Pequeña Edad de Hielo (PEH), iniciada desde principios del siglo XIV, hasta la época en la que vivimos. Las fluctuaciones meteorológicas cobran una gran relevancia para la historia cuando se muestra la manera en que algunos fenómenos climáticos (como las lluvias, las sequías, las tempestades y las canículas) provocaron largas hambrunas, malas cosechas, y en algunos casos, epidemias que impactaron a la sociedad por siglos, influyendo en muchos de los eventos que perfilaron su devenir.  
650 0 |a Clima y civilización  |9 7054 
650 0 |a Climatología  |9 7055 
650 0 |a Hombre  |9 7063  |x Influencia del clima 
942 |c BK  |2 ddc